Berry v Newport BC (Record no. 64277)
[ view plain ]
| 000 -LEADER | |
|---|---|
| fixed length control field | 01682cam a2200265 4500 |
| 001 - CONTROL NUMBER | |
| control field | ABS62614 |
| 008 - FIXED-LENGTH DATA ELEMENTS--GENERAL INFORMATION | |
| fixed length control field | 000000n2000 000 0 eng u |
| 035 ## - SYSTEM CONTROL NUMBER | |
| System control number | (Sirsi) u107540 |
| 245 ## - TITLE STATEMENT | |
| Title | Berry v Newport BC |
| 260 ## - PUBLICATION, DISTRIBUTION, ETC. | |
| Date of publication, distribution, etc. | 2000 |
| 490 ## - SERIES STATEMENT | |
| Series statement | Estates Gazette Law Reports |
| Volume/sequential designation | [2000] 29 EG 127-130(4) |
| 520 ## - SUMMARY, ETC. | |
| Summary, etc. | CA 16 March 2000. In 1988 B bought the house of which she had been the tenant from N under the right-to-buy provisions of the Housing Act 1985. At the time the open market value of the property was £25,000. B was entitled to a 59% discount and so paid £10,250. Unknown to both parties, at the time, the house was of a Hawksley SGS type that contained steel embedded in concrete columns. As the steel was liable to rust the Hawksley type properties had been designated defective houses under the Housing Act 1985 s563(1). N accepted that they were in breach of their duty under the Housing Act 1985 s563(1) in that they sold to B without disclosure of defects. B appealed the decision of awarded damages that represented the difference between what she paid, and what the judge considered long-term the house was worth, a sum of £3,485. B contended that the damages should have reflected the financial assistance originally obtainable under the Housing Defects Act 1984. 'Held' the appeal was dismissed. |
| 590 ## - LOCAL NOTE (RLIN) | |
| Local note | ABS |
| 650 ## - SUBJECT ADDED ENTRY--TOPICAL TERM | |
| Topical term or geographic name entry element | BERRY V NEWPORT BC |
| 650 ## - SUBJECT ADDED ENTRY--TOPICAL TERM | |
| Topical term or geographic name entry element | HOUSING DEFECTS ACT 1984 |
| 650 ## - SUBJECT ADDED ENTRY--TOPICAL TERM | |
| Topical term or geographic name entry element | DUTY OF CARE |
| 650 ## - SUBJECT ADDED ENTRY--TOPICAL TERM | |
| Topical term or geographic name entry element | NEGLIGENCE |
| 650 ## - SUBJECT ADDED ENTRY--TOPICAL TERM | |
| Topical term or geographic name entry element | DAMAGES |
| 650 ## - SUBJECT ADDED ENTRY--TOPICAL TERM | |
| Topical term or geographic name entry element | HAWKSLEY SGS HOUSES |
| 650 ## - SUBJECT ADDED ENTRY--TOPICAL TERM | |
| Topical term or geographic name entry element | DEFECTIVE HOUSES |
| 650 ## - SUBJECT ADDED ENTRY--TOPICAL TERM | |
| Topical term or geographic name entry element | HOUSING ACT 1985 S563(1) |
| 650 ## - SUBJECT ADDED ENTRY--TOPICAL TERM | |
| Topical term or geographic name entry element | DIMINUTION IN VALUE |
| 690 ## - LOCAL SUBJECT ADDED ENTRY--TOPICAL TERM (OCLC, RLIN) | |
| Topical term or geographic name as entry element | HOUSING-CASE LAW |
| 942 ## - ADDED ENTRY ELEMENTS (KOHA) | |
| Suppress in OPAC | 0 |
| Withdrawn status | Lost status | Source of classification or shelving scheme | Damaged status | Not for loan | Home library | Current library | Shelving location | Date acquired | Total Checkouts | Full call number | Barcode | Date last seen | Copy number | Price effective from | Koha item type |
|---|---|---|---|---|---|---|---|---|---|---|---|---|---|---|---|
| Dewey Decimal Classification | London | London | Journal article | 04/08/2000 | ABS62614 | 107540-1001 | 06/08/2019 | 1 | 06/08/2019 | Law report |